01545nam a2200385 a 4500001001200000003000800012006001900020007001500039008004100054010001700095020002200112040002100134035002100155043001200176050002300188082001800211100004300229245013300272260003400405300002600439500001400465504005400479533015200533650005400685650002500739650003500764651006100799651005200860651003800912655002900950700002000979710001700999856012601016999001701142ebr10152597CaPaEBRm u cr cn|||||||||040716s2005 caua sb 000 0 eng  z 2004016643 z0833036726 (pbk.) aCaPaEBRcCaPaEBR a(OCoLC)560201085 an-us---14aE885b.L368 2005eb04a355.4/7732221 aLarson, Eric V.q(Eric Victor),d1957-10aAmerican support for U.S. military operations from Mogadishu to Baghdadh[electronic resource] /cEric V. Larson, Bogdan Savych. aSanta Monica :bRAND,cc2005. axxvii, 248 p. :bill. a"MG-231." aIncludes bibliographical references (p. 229-248). aElectronic reproduction.bPalo Alto, Calif. :cebrary,d2013.nAvailable via World Wide Web.nAccess may be limited to ebrary affiliated libraries. 0aIntervention (International law)xPublic opinion. 0aWarxPublic opinion. 0aPublic opinionzUnited States. 0aUnited StatesxForeign relationsy1989-xPublic opinion. 0aUnited StatesxMilitary policyxPublic opinion. 0aUnited StatesxHistory, Military. 7aElectronic books.2local1 aSavych, Bogdan.2 aebrary, Inc.40uhttp://site.ebrary.com/lib/rucke/Doc?id=10152597zAn electronic book accessible through the World Wide Web; click to view c95600d95600